00393nam a2200121Ia 4500008004100000100002300041245002200064245003000086260000900116856005400125999001900179952007300198160531s9999 xx 000 0 und d aMoriyama, Hiroshi. aSexual Dimorphism cby Hiroshi Moriyama (ed.) c2013 uhttp://www.intechopen.com/books/sexual-dimorphism c295038d295038 001040aCLbCLd2016-05-31l0r2016-05-31 00:00:00w2016-05-31yCBE